| 000 | 00448nam a2200157Ia 4500 | ||
|---|---|---|---|
| 008 | 210716s2012 xx 000 0 und d | ||
| 020 | _a9788132110149 | ||
| 041 | _aeng | ||
| 082 | _a658.406 BURW | ||
| 100 | _aBurke, W Warner. | ||
| 245 |
_aOrganization change: theory and practice. _bTheory and practice. |
||
| 250 | _a3 | ||
| 260 |
_aNew Delhi _bSage Publications _c2012 |
||
| 300 | _axv,362 | ||
| 650 | _aOrganizational development and change | ||
| 999 |
_c207893 _d207893 |
||